• 首页
  • 本馆介绍
  • 公告通知
  • 最新文献
  • 馆藏检索
  • 电子资源
  • 读者导购
  • 参考咨询
  • 我的图书馆
  • 登录
  • 详细信息显示
  • 放入我的书架
  • 预约/预借图书
  • 作者相关作品
  • 分类相关作品
  • 丛书相关作品
  • 出版社相关作品

书目信息

  • 表格格式
  • 工作单格式
  • 卡片格式
题名:
明代颁历制度研究
    
 
作者: 汪小虎 著
分册:  
出版信息: 上海   上海三联书店  2020.8
页数: 251页
开本: 21cm
丛书名:
单 册:
中图分类: P194.3
科图分类:
主题词: 古历法--研究--中国--明代
电子资源:
ISBN: 978-7-5426-7164-6
000 00921nam0 2200241 45
001 012001001626
005 20140914142429.0
010    @a978-7-5426-7164-6@dCNY45.00
100    @a20210130d2020 em y0chiy50 ea
101 0  @achi
102    @aCN@b310000
105    @aa z 000yy
106    @ar
200 1  @a明代颁历制度研究@Aming dai ban li zhi du yan jiu@b专著@f汪小虎著
210    @a上海@c上海三联书店@d2020.8
215    @a251页@c图@d21cm
300    @a2019年度华南师范大学哲学社会科学优秀学术著作出版基金资助 2015年度国家社科基金重大招标项目“中国计量史”
330    @a本书稿是对明廷颁布历法的研究,这里的历法,更多的不是天文演算上的天文历法,主要是指历日,类似于现代的日历。内容包括:皇朝时间与正统性——以纪年表为中心;明代颁历之仪式等。
606 0  @a古历法@x研究@y中国@z明代
690    @aP194.3@v5
701  0 @a汪小虎@Awang xiao hu@4著
801  0 @aCN@bBJSDL@c20211011
905    @b1336583-6@dP194.3@e364@f4
    
    明代颁历制度研究/汪小虎著.-上海:上海三联书店,2020.8
    251页:图;21cm
    2019年度华南师范大学哲学社会科学优秀学术著作出版基金资助 2015年度国家社科基金重大招标项目“中国计量史”
    
    ISBN 978-7-5426-7164-6:CNY45.00
    本书稿是对明廷颁布历法的研究,这里的历法,更多的不是天文演算上的天文历法,主要是指历日,类似于现代的日历。内容包括:皇朝时间与正统性——以纪年表为中心;明代颁历之仪式等。
●
相关链接 在E读中查询图书 在五车中查询图书 在当当中查询图书 在豆瓣中查询图书


正题名:明代颁历制度研究     索取号:P194.3/364         预约/预借

序号 登录号 条形码 馆藏地/架位号 状态 备注
1 1336583   213365838   第二样本阅览室/ [索取号:P194.3/364] 在馆    
2 1336584   213365847   第三借阅区/ [索取号:P194.3/364] 在馆    
3 1336585   213365856   第三借阅区/ [索取号:P194.3/364] 在馆    
4 1336586   213365865   第三借阅区/ [索取号:P194.3/364] 在馆    
唐山师范学院图书馆 欢迎您!
大连网信软件有限公司© 版权所有